000 00190 a2200097 4500
020 _a9789507687105
041 _aspa
100 _aAnonimo
245 _aDibujos de grandes pintores
942 _cBK
999 _c9854
_d9854